| 000 | 00478nam a2200181Ia 4500 | ||
|---|---|---|---|
| 003 | OSt | ||
| 005 | 20240123141708.0 | ||
| 008 | 210210b1946 xxu||||| |||| 00| 0 eng d | ||
| 040 | _cAL | ||
| 041 | _akan | ||
| 082 | _a859/298 | ||
| 100 |
_aKshirasagara: _dಕ್ಷೀರಸಾಗರ _9148895 |
||
| 245 |
_aVilya: _bವೀಳ್ಯ |
||
| 260 |
_aBengaluru _bSatyashodhana Prakatana Mandira _c1946 |
||
| 690 |
_aKannada Fiction _9148896 |
||
| 906 | _a021169 | ||
| 942 |
_2ddc _cBK |
||
| 999 |
_c145231 _d145231 |
||